000
00491nam a2200181Ia 4500
008
090124s9999 xx 000 0 und d
082
_b
129326
100
_a
फडणीस शकुंतला
245
_a
होल्डॉल
250
_a
1
260
_c
2000
300
_a
96
600
_a
फडणीस शकुंतला
630
_a
होल्डॉल
700
_a
फडणीस शकुंतला
730
_a
होल्डॉल
942
_c
BOOK
999
_c
175415
_d
175415